=LDR 00000nam 2200000 4500 =001 NUTBA000000000000300 =005 20200206034800 =035 ##$$a 0010-031400000000299 =008 200206################g##########0#ind## =020 ##$$a 978-979-769-432-6 =082 ##$$a 001.42 =100 ##$$a Tohirin, =245 1#$$a Metode penelitian kualitatif dalam pendidikan dan bimbingan konseling /$c Dr. Tohirin, M. Pd. =250 ##$$a cet.2 =260 ##$$a Jakarta :$b Rajawali Press,$c 2012 =300 ##$$a xvi, 170 hlm ; $c 21 cm =850 ##$$a NBPNMAT =084 ##$$a 001.42 Toh m =650 #4$$a Penelitian, Metode =990 ##$$a 90784/BPAP-NTB/2014 =990 ##$$a 92816/BPAP-NTB/2014 =990 ##$$a 92891/BPAP-NTB/2014 =990 ##$$a 21196278/BPAP-NTB/2014 =990 ##$$a 21400613/BPAP-NTB/20142014 =990 ##$$a 21400613/BPAP-NTB/20142014 =990 ##$$a 21302506 =990 ##$$a 90784/BPAP-NTB/2014 =990 ##$$a 92816/BPAP-NTB/2014 =990 ##$$a 92891/BPAP-NTB/2014 =990 ##$$a 21400613/BPAP-NTB/20142014 =990 ##$$a 21400613/BPAP-NTB/20142014 =990 ##$$a 92891/BPAP-NTB/2014 =990 ##$$a 90784/BPAP-NTB/2014 =990 ##$$a 92816/BPAP-NTB/2014 =990 ##$$a 21302506 =990 ##$$a 21400613/BPAP-NTB/20142014 =990 ##$$a 21400613/BPAP-NTB/20142014 =990 ##$$a 21400613/BPAP-NTB/20142014 =990 ##$$a 90784/BPAP-NTB/2014 =990 ##$$a 92816/BPAP-NTB/2014 =990 ##$$a 92891/BPAP-NTB/2014 =990 ##$$a 21302506 =990 ##$$a 21400613/BPAP-NTB/20142014 =990 ##$$a 21400613/BPAP-NTB/20142014 =990 ##$$a 90784/BPAP-NTB/2014 =990 ##$$a 92816/BPAP-NTB/2014 =990 ##$$a 92891/BPAP-NTB/2014 =990 ##$$a 21302506 =990 ##$$a 21400613/BPAP-NTB/20142014 =990 ##$$a 90784/BPAP-NTB/2014 =990 ##$$a 92816/BPAP-NTB/2014 =990 ##$$a 92891/BPAP-NTB/2014 =990 ##$$a 21302506 =990 ##$$a 21400613/BPAP-NTB/20142014 =990 ##$$a 21400613/BPAP-NTB/20142014